000 00393nam a2200133Ia 4500
008 170419s9999 xx 000 0 und d
100 _aMee, Cheryl Lee.
245 _aSelecting standardized tests in nursing education
245 _cCheryl L. Mee & Virginia J. Hallenbeck
260 _bElsevier
260 _c2015
300 _aDecember 2015
440 _aJournal of Profesional Nursing
_v31:6
999 _c329494
_d329494